| 000 | 01480cam a2200337 4500 | ||
|---|---|---|---|
| 001 | 1260734 | ||
| 003 | ASAB | ||
| 005 | 20180827062625.0 | ||
| 008 | 740614s1974 mdua b 101 0 eng | ||
| 010 | _a 74010914 | ||
| 020 | _a0801815754 | ||
| 040 |
_aDLC _cASAB _dDLC |
||
| 050 | 0 | 0 |
_aRG626 _b.B63 vol. 10, no. 10 _aRB155 |
| 060 |
_aW1 BI966 v. 10 no. 10 _aQZ50 M489 1972 |
||
| 082 | 0 | 0 |
_a616/.043/08 s _a616/.042 |
| 245 | 0 | 0 |
_aMedical genetics today. _cEditor: Daniel Bergsma. Associate editors: David L. Rimoin [and] R. Neil Schimke. Assistant editor: Natalie W. Paul. |
| 260 |
_aBaltimore, _bJohns Hopkins University Press, _c1974. |
||
| 300 |
_aviii, 304 p. _billus. _c29 cm. |
||
| 440 | 0 |
_aBirth defects original article series, _vv. 10, no. 10 _91680 |
|
| 500 | _a"Published for the National Foundation--March of Dimes." | ||
| 500 | _a"Papers presented [at a symposium held] at the Johns Hopkins Hospital, Baltimore, Maryland, June 15 and 16, 1972. Sponsored by the Johns Hopkins Medical Institutions and the National Foundation--March of Dimes." | ||
| 504 | _aIncludes bibliographical references. | ||
| 650 | 0 |
_aMedical genetics _xCongresses. _91681 |
|
| 650 | 2 |
_aGenetics, Human _xCongresses. _91682 |
|
| 650 | 2 |
_aHereditary diseases _xCongresses. _91683 |
|
| 700 | 1 |
_aBergsma, Daniel, _eed. _91684 |
|
| 710 | 2 |
_aJohns Hopkins Hospital. _91685 |
|
| 710 | 2 |
_aNational Foundation. _91686 |
|
| 906 |
_a7 _bcbc _corignew _d1 _eocip _f19 _gy-gencatlg |
||
| 942 |
_2ddc _cBK |
||
| 999 |
_c480047 _d480047 |
||